| 000 | 00366 a2200169 4500 | ||
|---|---|---|---|
| 001 | 168820 | ||
| 020 | _a85-08-07540-5 | ||
| 040 | _cMagnum | ||
| 100 | _aCazarré, Lourenço | ||
| 240 | 1 | 0 |
_aO senhor da escuridão _lpor |
| 245 | 1 | 0 | _aO senhor da escuridão |
| 300 | _a135 | ||
| 362 | 0 | _a2000 | |
| 440 | 1 | _aÁtica | |
| 697 | _aLITERATURA JUVENIL | ||
| 942 | _cBK | ||
| 999 |
_c168820 _d168820 |
||